000
00321nam a2200109Ia 4500
008
200302s9999 xx 000 0 und d
100
_a
B.R. Venkatesh & Merunandan K.B.
245
_a
An Introduction to The Constitution of India and Professional Ethics
260
_b
Meragu Publications
260
_c
2011
300
_a
262 P.,
999
_c
3294
_d
3294